Анна Иоанновна Императрица и Самодержица Всероссийская (Запись № 13632210)

Подробности
000 -МАРКЕР
контрольное поле 02023nkm0a2200397 4500
001 - ИДЕНТИФИКАТОР ЗАПИСИ
контрольное поле RU\NLR\DIGIT\113687
005 - ИДЕНТИФИКАТОР ВЕРСИИ
контрольное поле 20260407063732.0
035 ## - ДРУГИЕ СИСТЕМНЫЕ НОМЕРА
Идентификатор записи (NLR Aleph) 010170942
100 ## - ДАННЫЕ ОБЩЕЙ ОБРАБОТКИ
Данные общей обработки 20120119d1766 m y0rusy50 ca
101 0# - ЯЗЫК РЕСУРСА
Язык текста, звукозаписи и т.д. русский
102 ## - СТРАНА ПУБЛИКАЦИИ ИЛИ ПРОИЗВОДСТВА
Страна публикации российская федерация
116 ## - ПОЛЕ КОДИРОВАННЫХ ДАННЫХ: ИЗОБРАЗИТЕЛЬНЫЕ МАТЕРИАЛЫ
Кодированные данные для изобразительных материалов. iiybxx bm zz
135 ## - ПОЛЕ КОДИРОВАННЫХ ДАННЫХ: ЭЛЕКТРОННЫЕ РЕСУРСЫ
Кодированные данные для электронного ресурса coco 024aaaaa
200 1# - ЗАГЛАВИЕ И СВЕДЕНИЯ ОБ ОТВЕТСТВЕННОСТИ
Основное заглавие Анна Иоанновна Императрица и Самодержица Всероссийская
Общее обозначение материала Изоматериал
Сведения, относящиеся к заглавию [эстамп]
Первые сведения об ответственности Anna Joannowna Jmperatrix totius Russie
Язык параллельного заглавия латинский
210 ## - ПУБЛИКАЦИЯ, РАСПРОСТРАНЕНИЕ И ДР.
Место издания, распространения и т.д. [Санкт-Петербург
Дата издания, распространения и т.д. 1766]
215 ## - ФИЗИЧЕСКАЯ ХАРАКТЕРИСТИКА
Специфическое обозначение материала и объем 1 л.
Другие сведения о физической характеристике Гравюра черной манерой
Размеры 34х23; 35,4х 25,3 см
325 ## - ПРИМЕЧАНИЕ О КОПИИ
Текст примечания Копия доступна в Электрон. б-ке РНБ http://vivaldi.nlr.ru/le000000236/view
327 1# - ПРИМЕЧАНИЯ О СОДЕРЖАНИИ
Текст примечания Портрет, поясной, прямолично, в овале
600 #0 - ИМЯ ЛИЦА КАК ПРЕДМЕТ
Начальный элемент ввода Анна Ивановна
Дополнения к именам, кроме дат императрица российская
Даты 1693 - 1740
Системный номер авторитетной/нормативной записи 983068
Идентификатор авторитетной/нормативной записи RU\NLR\AUTH\6651998
606 1# - НАИМЕНОВАНИЕ ТЕМЫ КАК ПРЕДМЕТ
Наименование темы Портретная гравюра русская
Системный номер авторитетной/нормативной записи 2491577
Идентификатор авторитетной/нормативной записи RU\NLR\AUTH\661478355
606 1# - НАИМЕНОВАНИЕ ТЕМЫ КАК ПРЕДМЕТ
Наименование темы Гравюра русская
Хронологический подзаголовок 18 в.
Системный номер авторитетной/нормативной записи 985644
Идентификатор авторитетной/нормативной записи RU\NLR\AUTH\66371634
686 0# - ИНДЕКСЫ ДРУГИХ КЛАССИФИКАЦИЙ
Индекс Щ153(2Р=Рус)4-45
700 #1 - ИМЯ ЛИЦА - ПЕРВИЧНАЯ ОТВЕТСТВЕННОСТЬ
Код отношения Гравер, Наборщик нот
Графика поля Кириллица
Материалы, к которым относится поле rus
Начальный элемент ввода Штенглин
Часть имени, кроме начального элемента ввода И.
Даты 1715-ок. 1777
Расширение инициалов личного имени Иоганн
Идентификатор авторитетной/нормативной записи RU\NLR\AUTH\770290885
Системный номер авторитетной/нормативной записи 2700258
702 #0 - ИМЯ ЛИЦА - ВТОРИЧНАЯ ОТВЕТСТВЕННОСТЬ
Код отношения Прочие
Материалы, к которым относится поле rus
Графика поля Кириллица
Начальный элемент ввода Анна Ивановна
Дополнения к именам, кроме дат императрица российская
Даты 1693-1740
Идентификатор авторитетной/нормативной записи RU\NLR\AUTH\7713835
Системный номер авторитетной/нормативной записи 123517
801 #2 - ИСТОЧНИК ЗАПИСИ
Страна российская федерация
Организация NLR
Дата составления 20120119
Источник данных rusmarc
852 ## - МЕСТОНАХОЖДЕНИЕ И ШИФР ХРАНЕНИЯ
Идентификатор организации NLR
Наименование фонда или коллекции (Sub-Location Identifier) Э
Шифр хранения (Call Number) ГП/4-А680
Страна
856 #0 - МЕСТОНАХОЖДЕНИЕ ЭЛЕКТРОННЫХ РЕСУРОВ И ДОСТУП К НИМ
Универсальный идентификатор ресурса (Uniform Resource Identifier) http://vivaldi.nlr.ru/le000000236/view
856 #1 - МЕСТОНАХОЖДЕНИЕ ЭЛЕКТРОННЫХ РЕСУРОВ И ДОСТУП К НИМ
Универсальный идентификатор ресурса (Uniform Resource Identifier) http://vivaldi.nlr.ru/le000000236/cover
856 #2 - МЕСТОНАХОЖДЕНИЕ ЭЛЕКТРОННЫХ РЕСУРОВ И ДОСТУП К НИМ
Универсальный идентификатор ресурса (Uniform Resource Identifier) http://vivaldi.nlr.ru/le000000236/text
942 ## - ДОПОЛНИТЕЛЬНЫЕ ЭЛЕМЕНТЫ ЗАПИСИ (АБИС)
Тип экземпляра АБИС Визуальный материал
980 ## - КОЛЛЕКЦИЯ
Название коллекции Национальная библиография
981 36 - КОЛЛЕКЦИЯ ЭЛЕКТРОННОЙ БИБЛИОТЕКИ
Название коллекции Цифровой репозиторий РНБ
981 17 - КОЛЛЕКЦИЯ ЭЛЕКТРОННОЙ БИБЛИОТЕКИ
Название коллекции Изографические материалы
Название подколлекции Портреты

Нет доступных экземпляров.